Nektere rysy revizionismu v politicke ekonomii v druhe polovine 60. let v CSSR (Record no. 7101)

MARC details
000 -LEADER
fixed length control field 00506nam a22002057i 4500
001 - CONTROL NUMBER
control field 8488
003 - CONTROL NUMBER IDENTIFIER
control field OSt
005 - DATE AND TIME OF LATEST TRANSACTION
control field 20170126082411.0
007 - PHYSICAL DESCRIPTION FIXED FIELD--GENERAL INFORMATION
fixed length control field tu
008 - FIXED-LENGTH DATA ELEMENTS--GENERAL INFORMATION
fixed length control field 161220s1973 xxu||||| |||| 00| 0 d
024 7# - OTHER STANDARD IDENTIFIER
Standard number or code 8488
Source of number or code RID
040 ## - CATALOGING SOURCE
Transcribing agency OSt
100 1# - MAIN ENTRY--PERSONAL NAME
Personal name Fremer, Miroslav
245 00 - TITLE STATEMENT
Title Nektere rysy revizionismu v politicke ekonomii v druhe polovine 60. let v CSSR
260 ## - PUBLICATION, DISTRIBUTION, ETC.
Place of publication, distribution, etc. Praha :
Name of publisher, distributor, etc. Svoboda,
Date of publication, distribution, etc. 1973.
300 ## - PHYSICAL DESCRIPTION
Extent 97 S.
490 ## - SERIES STATEMENT
Series statement dialogy
Volume/sequential designation 17
700 1# - ADDED ENTRY--PERSONAL NAME
Personal name Kolacek, Frantisek
700 1# - ADDED ENTRY--PERSONAL NAME
Personal name Sedivec, Vaclav
942 ## - ADDED ENTRY ELEMENTS (KOHA)
Koha item type Book
Holdings
Withdrawn status Lost status Damaged status Not for loan Home library Current library Shelving location Date acquired Inventory number Total Checkouts Full call number Barcode Date last seen Price effective from Koha item type
        WIIW WIIW Souterrain 08/22/2013 8488   I-53 10005771 01/26/2017 01/26/2017 Book
The Vienna Instiute for International Economic Studies (wiiw)